000 00647nam a2200229 a 4500
001 BRCA_8056
005 20190320210119.0
008 310314s1965----gw-####f##---#001-0#ger-#
041 _ager
044 _agw
050 4 _aPT2625
_b.M67 1965
100 1 _aMorgenstern, Christian
_d1871-1914
_920018
245 1 0 _aGesammelte werke
_bin einem band
_cChristian Morgenstern.
260 _aMúnich
_bClausen & Bosse
_c1965
300 _a615 p.
_c21 cm.
500 _aContiene notas autobiográficas
500 _aY57
650 1 4 _aPoetas alemanes
_920019
650 1 4 _aEscritores alemanes
_vObras Completas
_920020
902 _aGFM
942 _2lcc
_cB
999 _c7724
_d7724